000 00596nam a22002177a 4500
003 OSt
005 20210415112509.0
008 210310s1987 ||||| |||| 00| 0 eng d
020 _a0441778704
040 _aeng
_beng
_cDLC
041 _aeng
080 _a821.111
_bF-65
100 _9816
_aFleming, Ian
245 _aJames Bond / The Spy Who Loved Me
_c/ by: Charter Books
260 _aNew York
_bCharter Books
_c1987
300 _a180 p.
365 _b3.50 usd
650 0 _9247
_aEnglish literature
653 _aინგლისური ლიტერატურა
942 _2udc
_cBK
999 _c2073
_d2073